| 000 | 02472nam a22002897a 4500 | ||
|---|---|---|---|
| 001 | 63346 | ||
| 003 | UA-OsUOA | ||
| 005 | 20220125224843.0 | ||
| 007 | ta | ||
| 008 | 20090929b un ||||| |||| 00| 0 ukr d | ||
| 020 | _a978-966-02-4773-4 | ||
| 040 |
_aUA-OsUOA _bukr _cUA-OsUOA _dUA-OsUOA |
||
| 041 | _aukr | ||
| 080 | _a811.161.1:004.738 | ||
| 090 |
_a811.161.1:004.738 _bЧ-42 |
||
| 100 | _aЧемеркін С. Г. | ||
| 245 | _aУкраїнська мова в Інтернеті: позамовні та внутрішньоструктурні процеси | ||
| 260 |
_aК. _bНАН України _c2009 |
||
| 300 | _a240 с. | ||
| 520 | 3 | _aУ виданні досліджено процеси, характерні для української мови, яка функціонує в інтернеті. Екстралінгвальні чинники зумовлюють формування нових ознак стильових ріновидів української мови. У монографії розглянуто явища семантичної деривіації в сучасній | |
| 520 | 3 | _aукраїнській мові як наслідок взаємодії професійної і загальновживаної лексики.ЗМІСТУкраїнська мова в Інтернеті - неоднозначне явище.Функціонально-стильові та жанрові різновиди української мови в Інтернеті.Розмовний стиль.Художній стиль.Ін | |
| 520 | 3 | _aтернет-проза.Інтернтет-поезія.Інтернет-драма.Публіцистичний стиль.Науковий стиль. Офіційно-діловий стиль.Сакральний стиль.Лексико-семантичні та словотвірні зміни і процеси кодифікації.Група лексем вантажити.Група лексем ламати.Груп | |
| 520 | 3 | _aа лексем висіти.Група лексем качати.Професійні запозичення в сучасній українській мові.Висновки.Індекс використовуваних термінів та понять. | |
| 650 | 7 |
_a8 Мовознавство. Художня література. Літературознавство _2UDC |
|
| 942 |
_cBK _2udc |
||
| 955 | _a2 | ||
| 999 |
_c349431 _d349431 |
||